Socialnomics : (Record no. 20770)
[ view plain ]
| 000 -LEADER | |
|---|---|
| fixed length control field | 01621cam a22002775a 4500 |
| 001 - CONTROL NUMBER | |
| control field | 17394442 |
| 005 - DATE AND TIME OF LATEST TRANSACTION | |
| control field | 20151207124528.0 |
| 008 - FIXED-LENGTH DATA ELEMENTS--GENERAL INFORMATION | |
| fixed length control field | 120720t2013 njua frb 001 0 eng d |
| 020 ## - INTERNATIONAL STANDARD BOOK NUMBER | |
| International Standard Book Number | 9781118232651 (pbk. : alk. paper) |
| 040 ## - CATALOGING SOURCE | |
| Original cataloging agency | DLC |
| Language of cataloging | eng |
| Transcribing agency | DLC |
| Modifying agency | DLC |
| -- | EG-ScBUE |
| 082 04 - DEWEY DECIMAL CLASSIFICATION NUMBER | |
| Classification number | 658.872 |
| Edition number | 22 |
| Item number | QUA |
| 100 1# - MAIN ENTRY--PERSONAL NAME | |
| Personal name | Qualman, Erik, |
| Dates associated with a name | 1972- |
| 9 (RLIN) | 38854 |
| 245 10 - TITLE STATEMENT | |
| Title | Socialnomics : |
| Remainder of title | how social media transforms the way we live and do business / |
| Statement of responsibility, etc | Erik Qualman. |
| 250 ## - EDITION STATEMENT | |
| Edition statement | 2nd ed. |
| 260 ## - PUBLICATION, DISTRIBUTION, ETC. (IMPRINT) | |
| Place of publication, distribution, etc | Hoboken : |
| Name of publisher, distributor, etc | John Wiley & Sons, |
| Date of publication, distribution, etc | c.2013. |
| 300 ## - PHYSICAL DESCRIPTION | |
| Extent | xviii, 316 p. : |
| Other physical details | ill. ; |
| Dimensions | 24 cm. |
| 500 ## - GENERAL NOTE | |
| General note | Index : p. 313-316. |
| 504 ## - BIBLIOGRAPHY, ETC. NOTE | |
| Bibliography, etc | Bibliography : p. 299-310. |
| 505 0# - FORMATTED CONTENTS NOTE | |
| Formatted contents note | Foreword -- Acknowledgments -- About this book -- Introduction -- Word of mouth goes world of mouth -- Social media = preventative behavior -- Social media = braggadocian behavior -- What we can learn from politics -- I care more about what my neighbor thinks than what google thinks -- Death of social schizophrenia -- Winners and losers in a 140-character world -- Next steps for companies and the "glass house generation" -- Social media rolodex and resources -- Social ROI -- Social success secrets (give them to me now!) -- Blogging : what works -- 100+ social media tools -- Making viral videos -- Social media for B2B -- Case studies -- Faqs -- Teacher and company resources & exercises -- About the author. |
| 650 #7 - SUBJECT ADDED ENTRY--TOPICAL TERM | |
| Topical term or geographic name as entry element | Social media |
| General subdivision | Economic aspects. |
| Source of heading or term | BUEsh |
| 9 (RLIN) | 34831 |
| 650 #7 - SUBJECT ADDED ENTRY--TOPICAL TERM | |
| Topical term or geographic name as entry element | Internet marketing. |
| 9 (RLIN) | 38532 |
| Source of heading or term | BUEsh |
| 650 #0 - SUBJECT ADDED ENTRY--TOPICAL TERM | |
| Topical term or geographic name as entry element | Social networks |
| Source of heading or term | BUEsh |
| 651 ## - SUBJECT ADDED ENTRY--GEOGRAPHIC NAME | |
| Source of heading or term | BUEsh |
| 653 ## - INDEX TERM--UNCONTROLLED | |
| Resource For college | BAEPS, Business Administration |
| Arrived date list | August2015 |
| -- | December2015 |
| 942 ## - ADDED ENTRY ELEMENTS (KOHA) | |
| Source of classification or shelving scheme | Dewey Decimal Classification |
| Withdrawn status | Lost status | Source of classification or shelving scheme | Damaged status | Not for loan | Koha collection | Home library | Current library | Shelving location | Date acquired | Source of acquisition | Cost, normal purchase price | Serial Enumeration / chronology | Total Checkouts | Total Renewals | Full call number | Barcode | Date last seen | Date last borrowed | Cost, replacement price | Koha item type |
|---|---|---|---|---|---|---|---|---|---|---|---|---|---|---|---|---|---|---|---|---|
| Dewey Decimal Classification | Baccah | Central Library | Central Library | First floor | 31/08/2015 | Purchase | 139.00 | 23317 | 1 | 2 | 658.872 QUA | 000039585 | 15/07/2025 | 09/05/2019 | 173.00 | Book - Borrowing |